| 000 | 01488nam a2200229Ia 4500 | ||
|---|---|---|---|
| 003 | Ost | ||
| 005 | 20260507075408.0 | ||
| 008 | 260507s9999||||xx |||||||||||||| ||und|| | ||
| 040 | _cfsecg | ||
| 041 | _aara | ||
| 082 | _a330 | ||
| 100 |
_aيوسف، أمير فرج _eمؤلف |
||
| 245 | 0 |
_aالتجارة الإلكترونية / _c أمير فرج يوسف |
|
| 260 |
_aالإسكندرية: _bدار المطبوعات الجامعية, _c2008 |
||
| 300 |
_a756 صفحة؛ _bإيضاحات ؛ _c25 سم |
||
| 504 | _aالمراجع ص.748 | ||
| 520 | _aيضم التجارة الإلكترونية، التعريف بقانون الأونسيترال النموذجي بشأن التجارة الإلكترونة ودليل تطبيق هذا القانون في الدول المختلفة، رسائل البيانات المعترف بها في قانون التجارة الإكترونية، التوقيع الإلكتروني على العقود والمستندات الإلكترونية ، دور التجارو الإلكترونية في مجال نقل البضائع ومستندات نقل البضائع، استخدام ثورة المعلومات لصالح السلم وخير البشرية، الإستراتيجية العربية في مجال تكنولوجيا المعلومات | ||
| 653 | _aالتجارة | ||
| 653 | _aالتجارة الإلكترونية | ||
| 653 | _aالتجارة- تكنولوجيا المعلومات | ||
| 942 | _cكتاب | ||
| 999 |
_c44343 _d44343 |
||